The History and Adventures of the Renowned Don Quixote (Record no. 2964)
[ view plain ]
| 000 -CABECERA | |
|---|---|
| campo de control de longitud fija | 01584nam a2200325 a 4500 |
| 001 - NÚMERO DE CONTROL | |
| campo de control | BRCA_3228 |
| 005 - FECHA Y HORA DE LA ÚLTIMA TRANSACCIÓN | |
| campo de control | 20190320204156.0 |
| 008 - DATOS DE LONGITUD FIJA--INFORMACIÓN GENERAL | |
| campo de control de longitud fija | 040309s1782----enka---###---#000-0#eng-# |
| 041 ## - CÓDIGO DE LENGUA | |
| Código de lengua del texto/banda sonora o título independiente | eng |
| 044 ## - CÓDIGO DEL PAÍS DE LA ENTIDAD EDITORA/PRODUCTORA | |
| Código MARC del país | enk |
| 084 ## - OTRO NÚMERO DE CLASIFICACIÓN | |
| Número de clasificación | 529 |
| Número de documento/Ítem | .H377 |
| -- | 1782 |
| 100 1# - ENTRADA PRINCIPAL--NOMBRE DE PERSONA | |
| Nombre de persona | Cervantes Saavedra, Miguel de |
| Fechas asociadas al nombre | 1547-1616 |
| 9 (RLIN) | 213 |
| 245 10 - MENCIÓN DE TÍTULO | |
| Título | The History and Adventures of the Renowned Don Quixote |
| Mención de responsabilidad, etc. | Translated from de Spanish of Miguel de Cervantes Saavedra to wich is Prefixed some Account of the Author´s Life by Dr. Smollett. |
| 260 ## - PUBLICACIÓN, DISTRIBUCIÓN, ETC. | |
| Lugar de publicación, distribución, etc. | Londres |
| Nombre del editor, distribuidor, etc. | Harrison and Co. |
| Fecha de publicación, distribución, etc. | 1782 |
| 300 ## - DESCRIPCIÓN FÍSICA | |
| Extensión | 1 v. en 4 tomos |
| Otras características físicas | il. |
| Dimensiones | 23 cm. |
| 440 #0 - MENCIÓN DE SERIE/PUNTO DE ACCESO ADICIONAL--TÍTULO | |
| Título | The Novelist´s Magazine |
| Designación de volumen o secuencia | 8 |
| 9 (RLIN) | 8617 |
| 500 ## - NOTA GENERAL | |
| Nota general | Contenido : t.1. Primera parte. Vida de Cervantes por Smollett. Advertencia del traductor. Prólogo del autor. -- t.2. Texto. -- t.3. Segunda parte. Prólogo del autor. Aprobación de Márquez Torres. Licencia de Gutierre de Cetina. Aprobación de J. de Valdivielso. -- t.4. Texto |
| 500 ## - NOTA GENERAL | |
| Nota general | Ejemplar igual al anterior [528]. Piel; lomos y planos adornados con filetes dorados Lúdovik Osterc |
| 500 ## - NOTA GENERAL | |
| Nota general | Estado físico : Cubierta desprendida |
| 500 ## - NOTA GENERAL | |
| Nota general | QM790 |
| 546 ## - NOTA DE LENGUA/LENGUAJE | |
| Nota de lengua/lenguaje | Texto en : inglés |
| 650 14 - PUNTO DE ACCESO ADICIONAL DE MATERIA--TÉRMINO DE MATERIA | |
| Término de materia o nombre geográfico como elemento de entrada | Novela española |
| Subdivisión cronológica | Época clásica, 1500-1700 |
| 9 (RLIN) | 215 |
| 650 14 - PUNTO DE ACCESO ADICIONAL DE MATERIA--TÉRMINO DE MATERIA | |
| Término de materia o nombre geográfico como elemento de entrada | Literatura española |
| Subdivisión cronológica | Época clásica, 1500-1700 |
| 9 (RLIN) | 216 |
| 650 14 - PUNTO DE ACCESO ADICIONAL DE MATERIA--TÉRMINO DE MATERIA | |
| Término de materia o nombre geográfico como elemento de entrada | Novela española |
| Subdivisión cronológica | Siglo XVII |
| 9 (RLIN) | 217 |
| 650 14 - PUNTO DE ACCESO ADICIONAL DE MATERIA--TÉRMINO DE MATERIA | |
| Término de materia o nombre geográfico como elemento de entrada | Don Quijote (Personaje ficticio) |
| Término indicativo de función/relación | Novela |
| 9 (RLIN) | 218 |
| 700 1# - PUNTO DE ACCESO ADICIONAL--NOMBRE DE PERSONA | |
| Nombre de persona | Smollett, Tobias George |
| Fechas asociadas al nombre | 1721-1771 |
| Término indicativo de función/relación | Traductor |
| 9 (RLIN) | 8618 |
| 740 0# - PUNTO DE ACCESO ADICIONAL--TÍTULO RELACIONADO O ANALÍTICO NO CONTROLADO | |
| Título relacionado o analítico no controlado | El Ingenioso Hidalgo Don Quijote de la Mancha |
| 902 ## - CATALOGADOR | |
| Iniciales | QFM |
| 942 ## - ELEMENTOS DE PUNTO DE ACCESO ADICIONAL (KOHA) | |
| Fuente del sistema de clasificación o colocación | Library of Congress Classification |
| Tipo de ítem Koha | Libros |
| Estado de retiro | Estado de pérdida | Estado dañado | No para préstamo | Localización permanente | Ubicación/localización actual | Fecha de adquisición | Número de inventario | Total de préstamos | Signatura topográfica completa | Código de barras | Fecha visto por última vez | Precio válido a partir de | Tipo de ítem Koha |
|---|---|---|---|---|---|---|---|---|---|---|---|---|---|
| El ejemplar forma parte de la colección y puede ser consultado según las políticas vigentes. | Biblioteca del Museo Franz Mayer (Rogerio Casas-Alatriste) | Biblioteca del Museo Franz Mayer (Rogerio Casas-Alatriste) | 04/03/2009 | QM790 | 529 .H377 1782 (QM790) | 3225 | 22/03/2019 | 22/03/2019 | Libros |